| 000 | 00828nam a22002417a 4500 | ||
|---|---|---|---|
| 999 |
_c566 _d566 |
||
| 003 | AR-CdUCM | ||
| 008 | 190225b ||||| |||| 00| 0 SP d | ||
| 040 |
_aMUNICIPALIDAD PROVINCIAL DEL CUSCO _cBIBLIOTECA MUNICIPAL DEL CUSCO |
||
| 041 | _hrus | ||
| 082 |
_a335.82 / _bP724 |
||
| 100 |
_aPlejanov, Jorge _92201 |
||
| 245 | _aSindicalismo y Marxismo / | ||
| 260 |
_aMexico : _bGrijalbo, _c1968. |
||
| 300 |
_a159 paginas ; _c18 cm. |
||
| 440 |
_nColección 70 _92202 |
||
| 505 | _aLa doctrina de Arturo Labriola -- El partido, los sindicatos y la huelga general -- El sindicalismo francés y el anarquismo... | ||
| 650 |
_aPartido comunista _92203 |
||
| 650 |
_aDoctrinas sociales _92204 |
||
| 650 |
_aEscuela filosofica _92205 |
||
| 650 |
_aOrganización sindical _92206 |
||
| 942 |
_2ddc _cLIBROS |
||
| 945 |
_awnts _d2019-02-25 |
||